000 00503nam a22001817a 4500
003 OSt
005 20140310183025.0
008 130215t xxu||||| |||| 00| 0 eng d
050 _aHF 5635
_b.B188 2007
100 _aBallada,Susan
245 _aAccounting fundamentals :
_b made easy /
_cSusan Ballada and Win Lu Ballada
260 _aSampaloc, Manila :
_bDomDane Pub.,
_c2007 .
300 _a280 p. :
_c25 cm.
_bill. ;
521 _aBSA
942 _2lcc
_cBK
_kLOC
999 _c18403
_d18403